| 000 | 00000nam 2200000zi 4500 |
| 001 | 9.928650 |
| 003 | CaOODSP |
| 005 | 20250130124816 |
| 006 | m o d f |
| 007 | cr |n||||||||| |
| 008 | 230123e197708##pw b ob f|0| 0 eng d |
| 040 | |aCaOODSP|beng|erda|cCaOODSP |
| 043 | |an-cn-on |
| 086 | 1 |aEn37-636/1977E-PDF |
| 245 | 00|aCanada Centre for Inland Waters, Burlington, Ontario : |bland use study. |
| 264 | 1|a[Ottawa] : |bUrban and Regional Planning, Property Development Directorate, Public Works Canada, |cAugust 1977. |
| 300 | |a1 online resource (v, 17 pages) : |bmaps |
| 336 | |atext|btxt|2rdacontent |
| 337 | |acomputer|bc|2rdamedia |
| 338 | |aonline resource|bcr|2rdacarrier |
| 500 | |aDigitized edition from print [produced by Environment and Climate Change Canada]. |
| 504 | |aIncludes bibliographical references (page 17). |
| 610 | 20|aCanada Centre for Inland Waters. |
| 650 | 0|aEnvironmental laboratories|zOntario|zBurlington|xPlanning. |
| 650 | 6|aEnvironnement|xLaboratoires|zOntario|zBurlington|xPlanification. |
| 710 | 1 |aCanada.|bPublic Works Canada.|bProperty Development Directorate, |eissuing body. |
| 856 | 40|qPDF|s2.92 MB|uhttps://publications.gc.ca/collections/collection_2025/eccc/en37/En37-636-1977-eng.pdf |